Producto turístico: turismo para la salud, sol y playa
Αποθηκεύτηκε σε:
| Κύριος συγγραφέας: | |
|---|---|
| Μορφή: | Βιβλίο |
| Γλώσσα: | Ισπανικά |
| Έκδοση: |
Buenos Aires
Librerías Turísticas
1995
|
| Έκδοση: | 1a. ed |
| Θέματα: | |
| Ετικέτες: |
Προσθήκη ετικέτας
Δεν υπάρχουν, Καταχωρήστε ετικέτα πρώτοι!
|
MARC
| LEADER | 00000nam a2200000 a 4500 | ||
|---|---|---|---|
| 001 | UCI4072 | ||
| 003 | CL-VaPUC | ||
| 008 | 071214e19950000AG |||||||||||||||||spa|d | ||
| 020 | |a 9279105060 | ||
| 082 | 0 | 4 | |a 338.4791 |b GRU |2 21 |
| 100 | |a Grünewald, Luis |e author |9 525708 | ||
| 245 | 1 | 0 | |a Producto turístico: turismo para la salud, sol y playa |
| 250 | |a 1a. ed | ||
| 300 | |a 56 p | ||
| 942 | |c BK | ||
| 945 | |d 20071214 00:00:00 |a jtorresc | ||
| 260 | |a Buenos Aires |b Librerías Turísticas |c 1995 | ||
| 650 | 0 | |a Turismo |9 308920 | |
| 650 | 0 | |a Oferta y demanda |9 255571 | |
| 650 | 0 | |a Actividades de tiempo libre |9 334349 | |
| 650 | 0 | |a Calidad de vida |9 322944 | |
| 650 | 0 | |a Actividades recreativas |9 807627 | |
| 650 | 0 | |a Industria del turismo |9 525711 | |
| 650 | 0 | |a Playas |9 261647 | |
| 651 | 0 | |a Argentina |9 254888 | |
| 583 | |a last modification |c 20170808 12:56:10 |k Rodrigo Vera | ||
| 999 | |c 328067 |d 328065 | ||
| 952 | |0 0 |1 0 |4 0 |6 338_479100000000000_GRU_1995 |7 0 |8 A |9 411793 |a BIBING |b BIBING |d 2019-11-22 |i 4396928 |o 338.4791 GRU 1995 |p 4396928 |r 2025-01-20 |w 2019-11-22 |y BK |k GEO | ||
| 952 | |0 0 |1 0 |4 0 |6 338_479100000000000_GRU_1995 |7 0 |8 A |9 411794 |a BIBING |b BIBING |d 2019-11-22 |i 439691K |o 338.4791 GRU 1995 |p 439691K |r 2025-01-20 |w 2019-11-22 |y BK |k GEO | ||